书目信息 |
| 题名: |
飞越“驼峰”
|
|
| 作者: | 徐康明 , 刘莲芬 著 | |
| 分册: | ||
| 出版信息: | 北京 解放军出版社 2005.6 |
|
| 页数: | 24,284页 | |
| 开本: | 21cm | |
| 丛书名: | ||
| 单 册: | ||
| 中图分类: | D829.712 , K152 , K265.06 | |
| 科图分类: | ||
| 主题词: | 第二次世界大战--di er ci shi jie da zhan--航空运输--史料 , 航空运输--hang kong yun shu , 中美关系--zhong mei guan xi--抗日战争--史料 | |
| 电子资源: | ||
| ISBN: | 7-5065-4928-X | |
| 000 | 01191nam0 2200301 45 | |
| 001 | 012005000794 | |
| 005 | 20061225145438.60 | |
| 010 | @a7-5065-4928-X@dCNY25.00 | |
| 100 | @a20050919d2005 em y0chiy0121 ea | |
| 101 | 0 | @achi |
| 102 | @aCN@b110000 | |
| 105 | @aa z 000yy | |
| 200 | 1 | @a飞越“驼峰”@Afei yue“ tuo feng”@e第二次世界大战中最著名的战略空运@f徐康明, 刘莲芬著 |
| 210 | @a北京@c解放军出版社@d2005.6 | |
| 215 | @a24,284页@c照片@d21cm | |
| 330 | @a本书共10章, 内容包括: 太平洋战争的爆发与中美英军事同盟的建立、缅甸防御战的失利与中国陆路国际通道的丧失、千难万险从头越、“驼峰”航空线的机构、人员和装备、1942-1943年“驼峰”空运的逐步扩大。 | |
| 510 | 1 | @aFlying the hump@zeng |
| 517 | 1 | @a二次世界大战中最著名的战略空运@Aer ci shi jie da zhan zhong zui zhu ming de zhan lue kong yun |
| 606 | 0 | @a第二次世界大战@Adi er ci shi jie da zhan@x航空运输@j史料 |
| 606 | 0 | @a航空运输@Ahang kong yun shu |
| 606 | 0 | @a中美关系@Azhong mei guan xi@x抗日战争@j史料 |
| 690 | @aD829.712@v4 | |
| 690 | @aK152@v4 | |
| 690 | @aK265.06@v4 | |
| 701 | 0 | @a徐康明@Axu kang ming@4著 |
| 701 | 0 | @a刘莲芬@Aliu lian fen@4著 |
| 801 | 0 | @aCN@c20061225 |
| 905 | @a10447@dK265.06@eX744 | |
| 飞越“驼峰”:第二次世界大战中最著名的战略空运/徐康明, 刘莲芬著.-北京:解放军出版社,2005.6 |
| 24,284页:照片;21cm |
| ISBN 7-5065-4928-X:CNY25.00 |
| 本书共10章, 内容包括: 太平洋战争的爆发与中美英军事同盟的建立、缅甸防御战的失利与中国陆路国际通道的丧失、千难万险从头越、“驼峰”航空线的机构、人员和装备、1942-1943年“驼峰”空运的逐步扩大。 |
| ● |
| 相关链接 |
|
|
|
正题名:飞越"驼峰"
索取号:K265.06/X744
 
预约/预借
| 序号 | 登录号 | 条形码 | 馆藏地/架位号 | 状态 | 备注 |
| 1 | 640917 | 206409171 | 社科库309/309社科库 36排5列1层/ [索取号:K265.06/X744] | 在馆 | |
| 2 | 640918 | 206409180 | 社科库309/309社科库 36排5列1层/ [索取号:K265.06/X744] | 在馆 | |
| 3 | 640919 | 206409199 | 社科库309/309社科库 36排5列1层/ [索取号:K265.06/X744] | 在馆 |